AIDS và cộng đồng : Số 7 (226)
Số này trình bày: ba nhiệm vụ trọng tâm trong công tác phòng, chống HIV/AIDS hiện nay; phòng, chống HIV/AIDS 6 tháng đầu năm 2017 - triển khai thành công nhiều hoạt động; tìm lại cuộc đời cho người nghiện ma túy;......
সংরক্ষণ করুন:
| বিন্যাস: | গ্রন্থ |
|---|---|
| ভাষা: | Vietnamese |
| প্রকাশিত: |
H.
Bộ Y tế
2017
|
| বিষয়গুলি: | |
| ট্যাগগুলো: |
ট্যাগ যুক্ত করুন
কোনো ট্যাগ নেই, প্রথমজন হিসাবে ট্যাগ করুন!
|
| Thư viện lưu trữ: | Thư viện Trường Đại học Nam Cần Thơ |
|---|
| LEADER | 01549nam a2200277 4500 | ||
|---|---|---|---|
| 001 | NCT_121333 | ||
| 008 | 170928b xxu||||| |||| 00| 0 vie d | ||
| 999 | |c 6209 |d 6209 | ||
| 020 | |c 8000 | ||
| 041 | |a vie | ||
| 082 | 0 | 4 | |2 23rd ed. |a 362 |b A103V |
| 245 | 0 | 0 | |a AIDS và cộng đồng : |p |n Số 7 (226) |c Bộ Y tế |
| 260 | |a H. |b Bộ Y tế |c 2017 | ||
| 300 | |c 29cm | ||
| 310 | |a Hàng tháng | ||
| 362 | |a 2017 | ||
| 520 | 3 | |a Số này trình bày: ba nhiệm vụ trọng tâm trong công tác phòng, chống HIV/AIDS hiện nay; phòng, chống HIV/AIDS 6 tháng đầu năm 2017 - triển khai thành công nhiều hoạt động; tìm lại cuộc đời cho người nghiện ma túy;... | |
| 653 | |a Y đa khoa | ||
| 655 | |a Tạp chí | ||
| 942 | |2 ddc |c CR | ||
| 952 | |0 0 |1 0 |2 ddc |4 0 |6 362_000000000000000_A103V |7 0 |9 23729 |a 000001 |b 000001 |d 2022-05-11 |o 362 A103V |r 2022-05-11 |w 2022-05-11 |y CR | ||
| 952 | |0 0 |1 0 |2 ddc |4 0 |6 362_000000000000000_A103V |7 0 |9 23730 |a 000001 |b 000001 |d 2022-05-11 |o 362 A103V |r 2022-05-11 |w 2022-05-11 |y CR | ||
| 952 | |0 0 |1 0 |2 ddc |4 0 |6 362_000000000000000_A103V |7 0 |9 23731 |a 000001 |b 000001 |d 2022-05-11 |o 362 A103V |r 2022-05-11 |w 2022-05-11 |y CR | ||
| 952 | |0 0 |1 0 |2 ddc |4 0 |6 362_000000000000000_A103V |7 0 |9 23732 |a 000001 |b 000001 |d 2022-05-11 |o 362 A103V |r 2022-05-11 |w 2022-05-11 |y CR | ||
| 952 | |0 0 |1 0 |2 ddc |4 0 |6 362_000000000000000_A103V |7 0 |9 23733 |a 000001 |b 000001 |d 2022-05-11 |o 362 A103V |r 2022-05-11 |w 2022-05-11 |y CR | ||
| 980 | |a Thư viện Trường Đại học Nam Cần Thơ | ||